Материалы по Кавказскому учебному округу, представленные в Министерство народного просвещения для выработки общего плана: 1) уве...

Доступно только в Электронных читальных залах Найти на картеНа карте
RUSMARC
00003735nmc2a22002413x 450
001c25838f1-b0b5-4dfc-8493-7504fb7744ef
00520230831162034.0
100##$a20230201l19091909k l0rusy0189 ca
1010#$arus
102##$aRU
105##$ay###
1222#$ad
2001#$aМатериалы по Кавказскому учебному округу, представленные в Министерство народного просвещения для выработки общего плана: 1) увеличения числа городских училищ; 2) расширения сети профессиональных и ремесленных учебных заведений и 3) открытия новых средних учебных заведений
$j1909 г.
215##$a133 л.
$d47х37 см
251##$cДело
300##$aДело
371##$aДокумент не является опубликованным и широко распространяемым
461#0$1001a74412a3-3cc5-4d21-8f0a-dfe2fbd9e72d
$12001
$aДепартамент народного просвещения Министерства народного просвещения (1803-1917)
$1251
$cФонд
$1852
$j733
462#0$1001eee5cd01-9790-469a-9945-6bffddbc7761
$12001
$aРазряд общих дел
$1251
$cОпись
$1852
$j228
801#0$aRU
$bРГИА
$c20230201
$gRCR
801#1$aRU
$bГлавНИВЦ
$c20230201
$2rusmarc
801#2$aRU
$bПБ им. Б.Н. Ельцина
$c20230831
$gRCR
$2rusmarc
850##$aРГИА
852##$aРГИА
$eФедеральное казенное учреждение "Российский государственный исторический архив" (РГИА)
$j177
937##$hРГИА
$d12396406
$aASBIBLIO_SCAN
035##$aRusGRCC00059013
856##$uhttp://readingroom.main.prlib.ru/item.aspx?id_node=n187293863&mode=full
Формат отображения